Statystyki dla Największe aglomeracje na Łotwie

Kliknij tutaj aby rozwiązać quiz!

Ogólne statystyki

  • Ten quiz został rozwiązany 47 razy
  • Średni wynik to 3 z 5

Statystyki odpowiedzi

MiejsceMieszkańcyNazwa% Poprawnych
1.1 081 137Aglomeracja Ryska
100%
2.91 913Aglomeracja Dyneburska
62%
3.76 618Aglomeracja Lipawska
44%
5.57 145Aglomeracja Jurmałska
36%
4.60 804Aglomeracja Jełgawska
27%

Rozkład punktacji

Percentyl według liczby udzielonych odpowiedzi

Procent ludzi z każdym wynikiem

Twoja historia wyników

Nie rozwiązałeś tego quizu